| 000 | 00709nam a22002057a 4500 | ||
|---|---|---|---|
| 005 | 20251108165420.0 | ||
| 008 | 250721s1991 xx 000 0 ara d | ||
| 082 | 1 | 4 | _aم/929.97/أمد |
| 100 | 1 | _aالأمدي، أبو القاسم الحسن بن بشر ... | |
| 245 | 1 | 0 | _aالمؤتلف و المختلف في أسماء الشعراء و كناهم و ألقابهم و أنسابهم و بعض شعرهم / |
| 264 | 1 |
_aبيروت : _bدار الجيل، _c1991. |
|
| 300 | _a263ص | ||
| 650 | 1 | 7 | _aالألقاب |
| 650 | 1 | 7 | _aالقواميس |
| 650 | 1 | 7 | _aالأنساب |
| 650 | 1 | 7 | _aالشعراء العرب |
| 700 | 1 |
_aكرنكو، ف _eتحقيق |
|
| 942 |
_2ddc _cREF |
||
| 999 |
_c27370 _d27370 |
||